Minnesota Airports by Code (Map) - Statistics

General Stats
  • This quiz has been taken 14 times
  • The average score is 19 of 94
Answers on the Map
Answers color-coded by a green-red scale on the quiz's map according to % correct below.
 
Answer Stats
Answer % Correct
KACQ
100%
KBDE
67%
KDLH
67%
KMSP
67%
KADC
33%
KAEL
33%
KANE
33%
KAUM
33%
KAXN
33%
KBBB
33%
KBDH
33%
KBJI
33%
KCFE
33%
KCHU
33%
KCKC
33%
KDYT
33%
KETH
33%
KFBL
33%
KFCM
33%
KGYL
33%
KHCD
33%
KHCO
33%
KINL
33%
KJKJ
33%
KJYG
33%
KLJF
33%
KLVN
33%
KLXL
33%
KMGG
33%
KMIC
33%
KMJQ
33%
KMKT
33%
KMVE
33%
KMZH
33%
KONA
33%
KOTG
33%
KOWA
33%
KPNM
33%
KRGK
33%
KROX
33%
KRRT
33%
KRST
33%
KRWF
33%
KRYM
33%
KSBU
33%
KSGS
33%
KSTC
33%
KSTP
33%
KSYN
33%
KTOB
33%
KULM
33%
KVVV
33%
KAIT
0%
KAQP
0%
KBRD
0%
KCBG
0%
KCDD
0%
KCKN
0%
KCNB
0%
KCOQ
0%
KCQM
0%
KDTL
0%
KDVP
0%
KDXX
0%
KELO
0%
KEVM
0%
KFFM
0%
KFKA
0%
KFOZ
0%
KFRM
0%
KFSE
0%
KGDB
0%
KGHW
0%
KGPZ
0%
KHIB
0%
KHZX
0%
KJMR
0%
KLYV
0%
KMML
0%
KMOX
0%
KMWM
0%
KORB
0%
KOVL
0%
KPEX
0%
KPKD
0%
KPQN
0%
KPWC
0%
KROS
0%
KSAZ
0%
KTKC
0%
KTVF
0%
KTWM
0%
KVWU
0%
KXVG
0%
No matching quizzes found
Score Distribution
Percent of People with Each Score
Percentile by Number Answered
Your Score History
You have not taken this quiz